000 00408nam a2200157 i 4500
001 bg
245 0 _aBiochemia w ochronie środowiska naturalnego /
_cpod red. Zygmunta Machoya.
260 _aWarszawa,
_c1978.
650 9 _aŚrodowisko człowieka
700 1 _aMachoy, Zygmunt.
_eRed.
040 _cBPK
041 _apol
080 _a577.1:504
942 _cKS
008 s pl f |000 0 pol
999 _c9973
_d9973
856 _uhttp://koha.tu.koszalin.pl/cgi-bin/koha/opac-detail.pl?biblionumber=9973
_yKatalog online BPK